[Event "COL-ch Students"]
[Site "Popayan"]
[Date "2024.05.04"]
[Round "6"]
[White "Solano Abella, Miller"]
[Black "Villalba Aguirre, Harold Manuel"]
[Result "1/2-1/2"]
[WhiteElo "1633"]
[BlackElo "1600"]
[PlyCount "84"]
[EventDate "2024.05.02"]
[EventType "swiss"]
[EventRounds "7"]
[EventCountry "COL"]
[SourceTitle "CBM 220 Extra"]
[Source "ChessBase"]
[SourceDate "2024.07.31"]
[SourceVersion "1"]
[SourceVersionDate "2024.07.31"]
[SourceQuality "1"]

1. e4 c5 2. Nf3 Nc6 3. c3 g6 4. d4 cxd4 5. cxd4 d5 6. e5 Bg7 7. Nc3 Nh6 8. Bg5 0-0 9. h3 Nf5 10. g4 Nfxd4 11. Nxd4 Bxe5 12. Nxc6 bxc6 13. Bh6 Re8 14. Bg2 Rb8 15. Qd2 Bd6 16. Qd4 e5 17. Qxa7 Qh4 18. Nxd5 cxd5 19. Bxd5 Re7 20. Qe3 Rd7 21. Bg5 Qxg5 22. Qxg5 Bb4+ 23. Kf1 Rxd5 24. Kg2 Bb7 25. Kh2 Bd6 26. Rhd1 e4+ 27. f4 Rxg5 28. Rxd6 Rb5 29. b3 Re8 30. Re1 Rb4 31. Kg3 e3 32. f5 g5 33. f6 Bc8 34. Kf3 Ba6 35. Rd7 Rbe4 36. Re7 R4xe7 37. fxe7 Rxe7 38. a4 e2 39. b4 Rd7 40. b5 Bxb5 41. axb5 Rb7 42. Rxe2 Rxb5 1/2-1/2

[Event "COL-ch Students"]
[Site "Popayan"]
[Date "2024.05.04"]
[Round "7"]
[White "Villalba Aguirre, Harold Manuel"]
[Black "Lopez Bermeo, Oscar Andres"]
[Result "0-1"]
[WhiteElo "1600"]
[BlackElo "1600"]
[PlyCount "68"]
[EventDate "2024.05.02"]
[EventType "swiss"]
[EventRounds "7"]
[EventCountry "COL"]
[SourceTitle "CBM 220 Extra"]
[Source "ChessBase"]
[SourceDate "2024.07.31"]
[SourceVersion "1"]
[SourceVersionDate "2024.07.31"]
[SourceQuality "1"]

1. c4 f5 2. g3 Nf6 3. Nc3 e6 4. d3 Be7 5. Bg2 0-0 6. Nf3 c6 7. 0-0 d5 8. c5 Bxc5 9. a3 a6 10. b4 Ba7 11. Na4 Nbd7 12. e3 Ng4 13. d4 Qf6 14. Bb2 Qh6 15. Rc1 Bb8 16. Nc5 Nxc5 17. dxc5 e5 18. h3 e4 19. Nd2 Nxe3 20. fxe3 Qxe3+ 21. Rf2 Qxg3 22. Nf1 Qg6 23. Rc3 f4 24. Qd4 f3 25. Rcc2 Rf7 26. Ne3 Bxh3 27. Kf1 fxg2+ 28. Nxg2 Qxg2+ 29. Ke1 Bg3 30. Kd1 Qg1+ 31. Kd2 Bxf2 32. Qc3 e3+ 33. Ke2 Bf1+ 34. Kd1 Bc4+ 0-1